La revolución industrial / Claude Föhlen... ; traducción de Rafael Aracil...
Descripción Física:
254 p. ; 18 cm
Colección:
Vicens bolsillo ; 7
Otros Autores:
Aracil i Martí, Rafael
Materias:
Revolució industrial
MARC
| LEADER | 00000nam a2200000Ia 4500 | ||
|---|---|---|---|
| 001 | 2245 | ||
| 008 | 160829s1984 xx 000 0 cat d | ||
| 080 | |a H-1-217 | ||
| 100 | |a Föhlen, Claude |9 38150 | ||
| 245 | |a La revolución industrial / Claude Föhlen... ; traducción de Rafael Aracil... | ||
| 250 | |a 2a. reed. | ||
| 260 | |a Barcelona : |b Vicens Vives, |c 1984 | ||
| 300 | |a 254 p. ; |c 18 cm | ||
| 490 | |a Vicens bolsillo ; 7 | ||
| 650 | |a Revolució industrial |9 20212 | ||
| 700 | 1 | |a Aracil i Martí, Rafael |9 40122 | |
| 901 | |a Arxiu | ||
| 942 | |n 1 | ||
| 952 | |0 0 |1 0 |4 0 |6 H1217 |7 1 |9 48297 |a Arxiu |b Arxiu |d 2016-12-01 |l 0 |o H-1-217 |p 2245 |r 2016-12-01 00:00:00 |w 2016-12-01 |y ARXIU | ||
| 999 | |c 52103 |d 52103 | ||